banner-ar

ذكى نجيب محمود: اراء وافكار / (Record no. 37808)

MARC details
000 -الفاتح
حقل البيانات ثابتة الطول 00341nam a2200133Ia 4500
008 - عناصر البيانات ثابتة الطول - معلومات عامة
حقل البيانات ثابتة الطول 140319s9999 xx 000 0 ara d
040 ## - مصدر الفهرسة
وكالة الفهرسة الأصلية GCL /
وكالة النسخ GCL
082 04 - رقم تصنيف ديوى العشرى
رقم التصنيف 191
رقم المادة س ذ
100 1# - المدخل الرئيسى - إسم شخصى
الإسم الشخصى سعيد مراد
245 10 - بيان العنوان
العنوان ذكى نجيب محمود: اراء وافكار /
بيان المسئوليه,etc سعيد مراد
300 ## - الوصف المادى
التعداد 271 ص
490 ## - بيان السلسلة
عنوان السلسلة
Holdings
حالة التراجع حالة الفقد حالة تلف ليس للاعارة المكان المؤقت الموقع الحالى تاريخ الاكتساب اجمالي اﻻعارات رقم الطلب الباركود تاريخ اخر مشاهدة تاريخ تفعيل السعر نوع وعاء كوها
        مكتبة القاهرة الكبرى مكتبة القاهرة الكبرى 03/26/2014   191\س ذ 92299 03/26/2014 03/26/2014 كتاب
        مكتبة القاهرة الكبرى مكتبة القاهرة الكبرى 03/26/2014   191\س ذ 92300 03/26/2014 03/26/2014 كتاب
        مكتبة القاهرة الكبرى مكتبة القاهرة الكبرى 03/26/2014   191\س ذ 92301 03/26/2014 03/26/2014 كتاب

Powered By

EGPV